000 01357nam0a22002891 4500
001 rc\402612
005 20260406080509.0
035 _a(NLR Aleph) 005651243
090 _a6773878
_c6773878
100 _a20030616d1989 |||y0rusy50 ca
101 0 _arus
102 _aRU
105 _ay |||||||||
200 1 _aНаучно-технический прогресс и комплекс архитектонических искусств
_fЛ.А. Зеленов, С.В. Норенков, О.П. Фролов
_gГорьк. обл. орг. СНИО СССР
210 _aГорький
_cГИСИ
_d1989
215 _a48 с.
_d20
300 _aНа обороте тит. л. авт.: д. филос. н. Л.А. Зеленов, к. филос. н. С.В. Норенков, к. иск. О.П. Фролов
320 _aБиблиогр.: с. 47
700 1 _7ca
_8rus
_aЗеленов
_bЛ. А.
_f1933-2021
_gЛев Александрович
_910331
_3RU\NLR\AUTH\7727294
701 1 _aНоренков
_bС.В.
_gСергей Владимирович
701 1 _7ca
_8rus
_aФролов
_bО. П.
_cканд. искусствоведения, дизайн
_f1928-2020
_gОлег Петрович
_9208305
_3RU\NLR\AUTH\770208358
801 0 _aRU
_bNLR
_gpsbo
801 1 _aRU
_bELAR
_2rusmarc
852 _aNLR
_j90-4/102
942 _cBOOK
980 _aNB